Su alteza la palabra (Record no. 27913)
[ view plain ]
| 000 -LEADER | |
|---|---|
| campo de control de longitud fija | 00850nam a2200193 i 4500 |
| 001 - NÚMERO DE CONTROL | |
| campo de control | 27913 |
| 003 - IDENTIFICADOR DE NÚMERO DE CONTROL | |
| campo de control | ES-MaACL |
| 005 - FECHA Y HORA DE LA ÚLTIMA TRANSACCIÓN | |
| campo de control | 20240511063017.0 |
| 007 - CAMPO FIJO DE DESCRIPCIÓN FÍSICA--INFORMACIÓN GENERAL | |
| campo de control de longitud fija | t| |
| 008 - DATOS DE LONGITUD FIJA--INFORMACIÓN GENERAL | |
| campo de control de longitud fija | 140701s1892 sp ||||1| spa d |
| 100 1# - ENTRADA PRINCIPAL--NOMBRE DE PERSONA | |
| Nombre de persona | Lorenzo d'Ayot, Manuel, |
| Fechas asociadas al nombre | -1911 |
| 9 (RLIN) | 125762 |
| 245 10 - MENCIÓN DEL TÍTULO | |
| Título | Su alteza la palabra |
| Resto del título | : poema en prosa / |
| Mención de responsabilidad, etc. | original de Manuel Lorenzo d'Ayot. |
| 260 ## - PUBLICACIÓN, DISTRIBUCIÓN, ETC. | |
| Lugar de publicación, distribución, etc. | Madrid : |
| Nombre del editor, distribuidor, etc. | [s.n.], |
| Fecha de publicación, distribución, etc. | 1892 : |
| Nombre del editor, distribuidor, etc. | Imp. del Cuerpo Administrativo del Ejército. |
| 300 ## - DESCRIPCIÓN FÍSICA | |
| Extensión | 40 p. ; |
| Dimensiones | 22 cm. |
| 594 ## - Nota al título y mención de responsabilidad | |
| Nota al título y mención de responsabilidad | Precede al tít.: "Centro del Ejército y de la Armada. Conferencias. Curso de 1891-92" |
| 710 2# - ENTRADA AGREGADA--NOMBRE DE ENTIDAD CORPORATIVA | |
| Nombre de entidad corporativa o nombre de jurisdicción como elemento de entrada | Centro del Ejército y de la Armada (Madrid) |
| 9 (RLIN) | 137469 |
| 852 ## - LOCALIZACIÓN | |
| Ubicación | ES-MaACL |
| Número de control de estantería | T-559-F-1 |
| Nota libre | .- Sello de "La Reforma Literaria" |
| -- | .- Ded. ms. del autor al Ateneo de Madrid |
| -- | .- Enc. con otras obras formando un vol. facticio |
| Estatus retirado | Estado de pérdida | Fuente del sistema de clasificación o colocación | Estado de daño | No para préstamo | Colección | Biblioteca de origen | Biblioteca actual | Ubicación en estantería | Fecha de adquisición | Total de préstamos | Signatura topográfica completa | Código de barras | Visto por última vez | Precio de reemplazo | Tipo de ítem Koha | Nota pública |
|---|---|---|---|---|---|---|---|---|---|---|---|---|---|---|---|---|
| Clasificación decimal universal | Colección de folletos | Biblioteca del Ateneo de Madrid | Biblioteca del Ateneo de Madrid | Depósito folletos | 17/01/2008 | T-559-F-1 | 1028820 | 23/02/2023 | 23/02/2023 | Folleto | Dedicatoria autógrafa del autor |
